01678nam a2200337 a 4500001001000000003000900010005001700019008004100036020001800077040003000095082003100125100003200156245012200188264007500310300002800385336002700413337003300440338002800473500006200501500002100563505036000584590002600944650004600970650004801016651004201064700004201106910003501148942001201183952012801195999001701323000043486DO-SdBPM20260123101612.0140319s2013 dr 000 0 spa d a9789993431466 aDO-SdBNPbspacBNPHUdrda 4aR011.97293bA939a 20132221 aAponte, Saraheautora4Aut.10aAutores dominicanos de la diáspora :bapuntes bio-bibliográficos 1902-2012 /cSarah Aponte, Franklin Gutiérrez. aSanto Domingo :bBiblioteca Nacional Pedro Henríquez Ureña,c2013. a430 páginas ;c23 cm. atextobtxt2rdacontent asin mediaciónbn2rdamedia avolumenbnc2rdacarrier aIncluye datos biográficos de los autores en las solapas aIncluye índice0 aAgradecimiento, 7.-- Autores dominicanos de la diáspora: apuntes bio-bibliográficos (1902-2012), 25.-- Autores dominicanos de la diáspora: apuntes bio-bibliográficos (1902-2012) bibliografía por orden alfabético, 203.-- Cronología autores dominicanos de la diáspora: apuntes bibliográficos (1902-2012), 297.-- Índice onomástico, 417. aInventariado, 2026/VM 7aAutores dominicanos vBio-bibliografía. 7aLiteratura dominicana vBiobibliografías. 7aRepública Dominicana vBiografías1 aGutiérrez, Franklin,d1951-eautor  aVMateo V. Control de calidad.  2ddccBK 00102ddc708CR-DaBPMETbBPMETd2026-01-23l0oBPMSU CDR R011.97293 A939a 2013pBPMSU26010034r2026-01-23w2026-01-23yBK c15620d15620